Statistics for St Louis Blues Roster

Click here to take the quiz!

General Stats

  • This quiz has been taken 96 times
    (33 since last reset)
  • The average score is 15 of 26

Answer Stats

Number Player % Correct
34Allen
97%
91Tarasenko
97%
10Schenn
90%
55Parayko
80%
27Pietrangelo
80%
17Schwartz
77%
20Steen
73%
15Fabbri
73%
19Bouwmeester
70%
41Bortuzzo
67%
6Edmundson
67%
49Barbashev
63%
21Berglund
63%
29Dunn
57%
40Hutton
50%
71Sobotka
50%
4Gunnarsson
47%
70Sundqvist
47%
23Jaskin
43%
28Brodziak
37%
10Upshall
30%
90Soshnikov
27%
32Thompson
27%
22Thorburn
27%
43Schmaltz
20%
39Reinke
10%

Score Distribution

Percentile by Number Answered

Percent of People with Each Score

Your Score History

You have not taken this quiz since the last reset